Les 100 gares les plus fréquentées du monde - Statistiques

Statistiques générales
  • Ce quiz a été pris 38 fois
  • Le résultat moyen est 10 sur 100
Statistiques - réponses
Rang Réponse % Correct
17 Gare de Paris-Nord (France)
82%
85 Gare de Lyon (France)
68%
11 Gare de Tokyo (Japon)
62%
28 Pennsylvania Station (Etats-Unis)
53%
70 Gare de Londres Paddington (Royaume-Uni)
50%
44 Gare de Shin-Osaka (Japon)
50%
75 Gare centrale de Berlin (Allemagne)
44%
30 Gare de Kyoto (Japon)
41%
98 Gare de Séoul (Corée du Sud)
41%
61 Gare de Shin-Yokohama (Japon)
41%
46 Gare centrale de Munich (Allemagne)
35%
49 Gare Termini (Italie)
32%
34 Gare centrale de Hambourg (Allemagne)
29%
76 Gare centrale de Milan (Italie)
29%
37 Gare centrale de Francfort (Allemagne)
26%
83 Gare Saint-Lazare (France)
26%
81 Gare centrale de Cologne (Allemagne)
24%
12 Gare de Nagoya (Japon)
24%
26 Gare de Delhi (Inde)
21%
33 Gare d'Ueno (Japon)
21%
39 Gare de Guangzhou-Sud (Chine)
15%
3 Gare de Shibuya (Japon)
15%
1 Gare de Shinjuku (Japon)
15%
6 Gare de Yokohama (Japon)
15%
48 Gare centrale de Zurich (Suisse)
12%
80 Gare d'Atocha (Espagne)
9%
63 Gare de Naka-Meguro (Japon)
9%
94 Gare de Sendai (Japon)
9%
82 Gare de Shenzen-Nord (Chine)
9%
23 Gare centrale de Chennai (Inde)
6%
24 Gare d'Akihabara (Japon)
6%
91 Gare de Chengdu-Est (Chine)
6%
100 Gare de Hangzhou-Est (Chine)
6%
65 Gare de Nishi-Nippori (Japon)
6%
16 Gare de Shimbashi (Japon)
6%
14 Gare de Shinagawa (Japon)
6%
79 Gare principale de Taipei (Taiwan)
6%
22 Gare de Beijing-Sud (Chine)
3%
69 Gare d'Ebisu (Japon)
3%
62 Gare de Gotanda (Japon)
3%
58 Gare de Kanayama (Japon)
3%
38 Gare de Kawasaki (Japon)
3%
27 Gare de Meguro (Japon)
3%
52 Gare de Nakano (Japon)
3%
90 Gare de Nippori (Japon)
3%
87 Gare de Stratford (Royaume-Uni)
3%
71 Gare de Tamachi/Mita (Japon)
3%
35 Gare de Yoyogi- Uehara (Japon)
3%
40 Gare de Yurakusho/Hibiya (Japon)
3%
84 Gare d'Ichigaya (Japon)
3%
86 Gare d'Iidabashi (Japon)
3%
4 Gare d'Ikebukuro (Japon)
3%
74 Gangxia North Station (Chine)
0%
57 Gare d'Ayase (Japon)
0%
2 Gare de Chhatrapati Shivaji Maharaj (Inde
0%
64 Gare de Fujisawa (Japon)
0%
41 Gare de Funabashi (Japon)
0%
43 Gare de Hamamatsucho/Daimon (Japon)
0%
7 Gare de Howrah (Inde)
0%
54 Gare de Jiahewanggang (Chine)
0%
77 Gare de Jimbocho (Japon)
0%
36 Gare de Kalyan Junction (Inde)
0%
53 Gare de Kamata (Japon)
0%
60 Gare de Kashiwa (Japon)
0%
55 Gare de Kichijoji (Japon)
0%
95 Gare de Kinshicho (Japon)
0%
9 Gare de Kita-Senju (Japon)
0%
88 Gare de Kokubunji (Japon)
0%
92 Gare de Kotake-Mukaihara (Japon)
0%
78 Gare de Kyobashi (Japon)
0%
42 Gare de Machida (Japon)
0%
51 Gare de Musashi-Kosugi (Japon)
0%
19 Gare de Namba (Japon)
0%
50 Gare de Nankin-Sud (Chine)
0%
32 Gare de Nishi-Funabashi (Japon)
0%
89 Gare de Noborito (Japon)
0%
31 Gare de Sannomiya (Japon)
0%
8 Gare de Sealdah (Inde)
0%
67 Gare de Sengakuji (Japon)
0%
20 Gare de Shangai-Hongqiao (Chine)
0%
97 Gare de Shin-Kiba (Japon)
0%
59 Gare de Tachikawa (Japon)
0%
15 Gare de Takadanobaba (Japon)
0%
25 Gare de Tennoji (Japon)
0%
18 Gare de Thane (Inde)
0%
10 Gare de Tiyu Xilu (Chine)
0%
99 Gare de Totsuka (Japon)
0%
68 Gare de Tottenham Court Road (Royaume-Uni)
0%
72 Gare de Tsuruhashi (Japon)
0%
73 Gare de Wakoshi (Japon)
0%
93 Gare de Yodoyabashi (Japon)
0%
96 Gare de Yotsuya (Japon)
0%
45 Gare d'Hakata (Japon)
0%
66 Gare d'Oimachi (Japon)
0%
21 Gare d'Omiya (Japon)
0%
56 Gare d'Osaki (Japon)
0%
29 Gare d'Oshiage (Japon)
0%
47 Gare d'Otemachi (Japon)
0%
5 Gare d'Usaka/Umeda (Japon)
0%
13 Gare Ramsès (Egypte)
0%
Aucun quiz correspondant
Distribution des résultats
% des personnes avec chaque résultat
Percentile par nombre de réponses
Votre historique - résultats
Vous n’avez pas pris ce quiz